NBA All Time Assist Leaders - Statistics

General Stats
  • This quiz has been taken 2,850 times
  • The average score is 11 of 30
Answer Stats
Rank Assists Player % Correct
1 15,806 John Stockton
98%
2 11,842 Jason Kidd
83%
4 10,141 Magic Johnson
81%
5 9,916 Steve Nash
79%
28 6,114 John Havlicek
73%
22 6,454 John Lucas
72%
18 6,711 Kevin Johnson
65%
25 6,238 Jerry West
53%
15 6,955 Bob Cousy
48%
6 9,887 Oscar Robertson
47%
7 9,061 Isiah Thomas
46%
8 8,966 Gary Payton
38%
3 10,334 Mark Jackson
37%
26 6,135 Scottie Pippen
32%
10 7,472 Andre Miller
28%
14 7,095 Tim Hardaway
26%
11 7,392 Maurice Cheeks
18%
9 7,987 Rod Strickland
18%
13 7,160 Terry Porter
17%
27 6,125 Clyde Drexler
15%
20 6,476 Nate Archibald
15%
19 6,577 Derek Harper
13%
12 7,211 Lenny Wilkens
12%
17 6,726 Muggsy Bogues
10%
29 6,025 Baron Davis
7%
30 5,972 Mookie Blaylock
7%
21 6,471 Stephon Marbury
7%
16 6,917 Guy Rodgers
3%
24 6,386 Norm Nixon
3%
23 6,453 Reggie Theus
1%
No matching quizzes found
Score Distribution
Percent of People with Each Score
Percentile by Number Answered
Your Score History
You have not taken this quiz